000 00710nas a2200229 4500
001 BR0806608
003 BR-BrBNA
005 20231205112147.0
007 ta
008 230509b bl.|||p| |||| 00| 00por d
040 _aBR-BrBNA
_bpor
_cBiblioteca Nacional de Agricultura
041 _a(Es)
072 _aL50 L60
100 1 _aVendrame, M.R.
100 1 _aCella, D.M.
245 1 _aC. Bands and nucleolar organizer regions (Nors)in Peruvia nigromarginata (Orthoptera, Acrididae, Gomphocerinae)
650 _aCOBRA
650 _aBIOLOGIA ANIMAL
773 0 _tNaturalia (Brazil)
_xISSN 0001-1944
_g(1993), v. 18 p. 207-219
_wBR0806608
909 _a202311
_bLúcia
_c55
_dLúcia Elande
942 _2AGRIS
_n0
_cANA
999 _c196427
_d196427